|
|
|
|
| LEADER |
02766nam a2200661 a 4500 |
| 001 |
nkc20142540251 |
| 003 |
CZ PrNK |
| 005 |
20190527193109.0 |
| 007 |
ta |
| 008 |
140116s2013 xr abe f 000 0 eng |
| 015 |
|
|
|a cnb002540251
|
| 020 |
|
|
|a 978-80-7028-407-0
|q (Moravské zemské muzeum ;
|q brož.)
|
| 035 |
|
|
|a (OCoLC)872341031
|
| 040 |
|
|
|a ABA001
|b cze
|
| 041 |
1 |
|
|a eng
|b cze
|b slo
|h cze
|h slo
|
| 043 |
|
|
|a e-xo---
|
| 044 |
|
|
|a xr
|a xo
|
| 072 |
|
7 |
|a 902
|x Archeologie
|2 Konspekt
|9 8
|
| 080 |
|
|
|a 902.2
|2 MRF
|
| 080 |
|
|
|a 903.2
|2 MRF
|
| 080 |
|
|
|a 903.4
|2 MRF
|
| 080 |
|
|
|a 903"632"
|2 MRF
|
| 080 |
|
|
|a 569.89
|2 MRF
|
| 080 |
|
|
|a (437.6)
|2 MRF
|
| 080 |
|
|
|a (048.8)
|2 MRF
|
| 100 |
1 |
|
|a Neruda, Petr,
|d 1970-
|7 mzk2007382237
|4 aut
|
| 245 |
1 |
0 |
|a Neanderthals at Bojnice in the context of Central Europe =
|b Neandrtálci z Bojnic v kontextu střední Evropy /
|c Petr Neruda, Ľubomíra Kaminská ; [překlad Lada Krutilová]
|
| 246 |
3 |
1 |
|a Neandrtálci z Bojnic v kontextu střední Evropy
|
| 250 |
|
|
|a Vyd. 1.
|
| 260 |
|
|
|a Brno :
|b Moravské zemské muzeum ;
|a Nitra :
|b Archeologický ústav SAV,
|c 2013
|
| 300 |
|
|
|a 249 s. :
|b il. (některé barev.), mapy, plány ;
|c 31 cm
|
| 490 |
1 |
|
|a Anthropos : studies in anthropology, palaeoethnology, palaeontology and quaternary geology ;
|v vol. 36, N.S. 28, 2013
|
| 500 |
|
|
|a Přeloženo z češtiny a slovenštiny?
|
| 504 |
|
|
|a Obsahuje bibliografie a bibliografické odkazy
|
| 546 |
|
|
|a Resumé část. česky, část. slovensky
|
| 650 |
0 |
7 |
|a archeologické výzkumy
|7 ph118577
|z Slovensko
|2 czenas
|
| 650 |
0 |
7 |
|a archeologické nálezy
|7 ph137683
|z Slovensko
|2 czenas
|
| 650 |
0 |
7 |
|a sídliště (archeologie)
|7 ph137685
|z Slovensko
|2 czenas
|
| 650 |
0 |
7 |
|a paleolit
|7 ph123908
|z Slovensko
|2 czenas
|
| 650 |
0 |
7 |
|a člověk neandertálský
|7 ph116879
|z Slovensko
|2 czenas
|
| 650 |
0 |
9 |
|a excavations (archaeology)
|z Slovakia
|2 eczenas
|
| 650 |
0 |
9 |
|a antiquities
|z Slovakia
|2 eczenas
|
| 650 |
0 |
9 |
|a settlements
|z Slovakia
|2 eczenas
|
| 650 |
0 |
9 |
|a paleolithic period
|z Slovakia
|2 eczenas
|
| 650 |
0 |
9 |
|a Neanderthals
|z Slovakia
|2 eczenas
|
| 651 |
|
7 |
|a Bojnice (Slovensko : oblast)
|7 ge577960
|2 czenas
|
| 651 |
|
9 |
|a Bojnice Region (Slovakia)
|2 eczenas
|
| 655 |
|
7 |
|a monografie
|7 fd132842
|2 czenas
|
| 655 |
|
9 |
|a monographs
|2 eczenas
|
| 700 |
1 |
|
|a Kaminská, Ľubomíra,
|d 1954-
|7 mzk2006367964
|4 aut
|
| 830 |
|
0 |
|a Anthropos (Moravské zemské muzeum)
|0 s
|
| 910 |
2 |
|
|a BOA001
|b 4-1315.866
|
| 928 |
9 |
|
|a Slovenská akadémia vied
|
| 990 |
|
|
|a BK
|
| 995 |
|
|
|a 01
|
| 991 |
|
|
|b 201402
|c NOV
|j 903 NER
|e n
|
| 996 |
6 |
|
|b 2610577240
|c 4-1315.866
|l MZK
|r Sklad / do 1 hodiny
|n 0
|p p.v.
|w 001394895
|u 000010
|a 1
|e BOA001
|j MZK50
|s P
|
| 996 |
7 |
|
|b 2610577241
|c 4-1315.866
|l MZK
|r Sklad / do 1 hodiny
|n 5
|p p.v.
|w 001394895
|u 000020
|a 1
|e BOA001
|j MZK50
|s A
|